|
|
|
|
| LEADER |
00803nab a2200205 i 4500 |
| 001 |
misc28143 |
| 005 |
20191111110319.0 |
| 008 |
170926s1973 hu o 0|| zxx d |
| 040 |
|
|
|a SZTE Miscellanea Repozitórium
|b hun
|
| 041 |
|
|
|a zxx
|
| 100 |
1 |
|
|a Ormos Jenő
|
| 245 |
1 |
0 |
|a Electron microscopy of liver biopsies in icteric states
|h [elektronikus dokumentum] /
|c Ormos Jenő
|
| 260 |
|
|
|c 1973
|
| 300 |
|
|
|a 92
|
| 490 |
0 |
|
|a Kolligátum
|
| 695 |
|
|
|a Biopszia - máj - előadáskivonat, Májbetegség - előadáskivonat, Elektronmikroszkópia - anyagvizsgálat - előadáskivonat
|
| 700 |
0 |
1 |
|a Mónus Zoltán
|e aut
|
| 700 |
0 |
1 |
|a Csapó Zsolt
|e aut
|
| 710 |
|
|
|a Congress of the European Society of Pathology (4.) (1973) (Budapest)
|
| 856 |
4 |
0 |
|u http://misc.bibl.u-szeged.hu/28143/1/019_025_92.pdf
|z Dokumentum-elérés
|